<?xml version="1.0" encoding="UTF-8"?>
<record
    xmlns:xsi="http://www.w3.org/2001/XMLSchema-instance"
    xsi:schemaLocation="http://www.loc.gov/MARC21/slim http://www.loc.gov/standards/marcxml/schema/MARC21slim.xsd"
    xmlns="http://www.loc.gov/MARC21/slim">

  <leader>00924nam a22001577a 4500</leader>
  <controlfield tag="005">20260701142306.0</controlfield>
  <datafield tag="020" ind1=" " ind2=" ">
    <subfield code="a">9781633434882</subfield>
  </datafield>
  <datafield tag="082" ind1=" " ind2=" ">
    <subfield code="a">006.3DHA</subfield>
  </datafield>
  <datafield tag="100" ind1=" " ind2=" ">
    <subfield code="a">Dhamani, Numa.</subfield>
  </datafield>
  <datafield tag="245" ind1=" " ind2=" ">
    <subfield code="a">Introduction to Generative AI</subfield>
    <subfield code="b">Reliable, Responsible, and Real-World Applications</subfield>
  </datafield>
  <datafield tag="260" ind1=" " ind2=" ">
    <subfield code="a">New York</subfield>
    <subfield code="b">Manning Publications Co.</subfield>
    <subfield code="c">2025</subfield>
  </datafield>
  <datafield tag="300" ind1=" " ind2=" ">
    <subfield code="a">xviii, 480p.</subfield>
    <subfield code="b">ill.; 24 cm</subfield>
  </datafield>
  <datafield tag="520" ind1=" " ind2=" ">
    <subfield code="a">AI tools like ChatGPT and Gemini, automated coding tools like Cursor and Copilot, and countless LLM-powered agents have become a part of daily life. They&#x2019;ve also spawned a storm of misinformation, hype, and doomsaying that makes it tough to understand exactly what Generative AI actually is and what it can really do. This book delivers a clear, well-written survey of generative AI fundamentals along with the techniques and strategies you need to use AI safely and effectively.</subfield>
  </datafield>
  <datafield tag="650" ind1=" " ind2=" ">
    <subfield code="a">Artificial intelligence</subfield>
  </datafield>
  <datafield tag="942" ind1=" " ind2=" ">
    <subfield code="c">BK</subfield>
  </datafield>
  <datafield tag="999" ind1=" " ind2=" ">
    <subfield code="c">11541</subfield>
    <subfield code="d">11541</subfield>
  </datafield>
  <datafield tag="952" ind1=" " ind2=" ">
    <subfield code="0">0</subfield>
    <subfield code="1">0</subfield>
    <subfield code="4">0</subfield>
    <subfield code="7">0</subfield>
    <subfield code="a">U001</subfield>
    <subfield code="b">U001</subfield>
    <subfield code="c">Personal Development</subfield>
    <subfield code="d">2026-07-18</subfield>
    <subfield code="g">140998.00</subfield>
    <subfield code="l">0</subfield>
    <subfield code="o">006.3DHA</subfield>
    <subfield code="p">UR010573</subfield>
    <subfield code="r">2026-07-01 14:25:09</subfield>
    <subfield code="w">2026-07-01</subfield>
    <subfield code="y">BK</subfield>
  </datafield>
  <datafield tag="952" ind1=" " ind2=" ">
    <subfield code="0">0</subfield>
    <subfield code="1">0</subfield>
    <subfield code="4">0</subfield>
    <subfield code="7">0</subfield>
    <subfield code="a">U001</subfield>
    <subfield code="b">U001</subfield>
    <subfield code="c">Personal Development</subfield>
    <subfield code="d">2026-07-18</subfield>
    <subfield code="g">140998.00</subfield>
    <subfield code="l">0</subfield>
    <subfield code="o">006.3DHA</subfield>
    <subfield code="p">UR010574</subfield>
    <subfield code="r">2026-07-01 14:25:30</subfield>
    <subfield code="w">2026-07-01</subfield>
    <subfield code="y">BK</subfield>
  </datafield>
</record>
